000 00658nam a2200217 a 4500
999 _c3728
_d3728
001 3728
003 BD-JhCC
005 20171116202401.0
008 171116s1981 bg a|||| ||a| 000 0 ben d
035 _a(BD-JhCC)3728
040 _aBD-JhCC
_dBD-JhCC
041 _aben
082 _a394.21
_bMON 1981
100 _aমনসুরউদ্দীন, মুহম্মদ
245 _aশিরনী /
_cমুহম্মদ মনসুরউদ্দীন
260 _aঢাকা :
_bবাংলা একাডেমী,
_c1981.
300 _a110 p. :
_billu;
_c23 cm.
650 _aCollection of Folk tales
942 _2ddc
_cBK